| 000 | 00527nam a2200157Ia 4500 | ||
|---|---|---|---|
| 003 | SGT | ||
| 020 | _a9788176569774 | ||
| 082 |
_a5.133 _bBPB |
||
| 100 | _aBPB publications | ||
| 245 | _aJava projects | ||
| 260 |
_bBPB Publications _aNew Delhi _c2006 |
||
| 300 | _a486p. | ||
| 650 | _aCOMPUTER SCIENCE | ||
| 653 | _aCREATING A CALCULATOR APPLICATION, CREATING ANALOG CLOCK APPLICATION, CREATING A 9-BOX PUZZLE GAME, CREATING AN ONLINE TEST APPLICATION, SHARE TRADING APPLICATION, ONLINE BANKING APPLICATION | ||
| 942 |
_2ddc _cBK |
||
| 999 |
_c5638 _d5638 |
||